Bārā māhā saṭīka; (Record no. 56087)
[ view plain ]
| 000 -LEADER | |
|---|---|
| fixed length control field | 00664cam a22002291 4500 |
| 001 - CONTROL NUMBER | |
| control field | sa 64000198 |
| 003 - CONTROL NUMBER IDENTIFIER | |
| control field | DLC |
| 005 - DATE AND TIME OF LATEST TRANSACTION | |
| control field | 20260227111954.0 |
| 008 - FIXED-LENGTH DATA ELEMENTS--GENERAL INFORMATION | |
| fixed length control field | 940715s1962 ii 000 0 pano |
| 010 ## - LIBRARY OF CONGRESS CONTROL NUMBER | |
| LC control number | sa 64000198 |
| 025 ## - OVERSEAS ACQUISITION NUMBER | |
| Overseas acquisition number | PL480:I-Pu-180 |
| 035 ## - SYSTEM CONTROL NUMBER | |
| System control number | (OCoLC)30773475 |
| 040 ## - CATALOGING SOURCE | |
| Original cataloging agency | DLC |
| Transcribing agency | CU |
| Modifying agency | CU |
| -- | NSyU |
| -- | DLC |
| 042 ## - AUTHENTICATION CODE | |
| Authentication code | premarc |
| 050 00 - LIBRARY OF CONGRESS CALL NUMBER | |
| Classification number | BL2017.4 |
| Item number | .A32 1962 |
| 130 0# - MAIN ENTRY--UNIFORM TITLE | |
| Uniform title | Ādi-Granth. |
| Form subheading | Selections. |
| 245 10 - TITLE STATEMENT | |
| Title | Bārā māhā saṭīka; |
| Remainder of title | Mājha mahallā, |
| Statement of responsibility, etc. | [ṭīkākāra] Prītama Siṅgha. |
| 260 ## - PUBLICATION, DISTRIBUTION, ETC. | |
| Place of publication, distribution, etc. | Ammritasara, |
| Name of publisher, distributor, etc. | Mehara Siṅgha, |
| Date of publication, distribution, etc. | [1962?] |
| 300 ## - PHYSICAL DESCRIPTION | |
| Extent | 168 p. |
| Dimensions | 19 cm. |
| 500 ## - GENERAL NOTE | |
| General note | In Panjabi. |
| 600 10 - SUBJECT ADDED ENTRY--PERSONAL NAME | |
| Personal name | Singh, Pritam, |
| Titles and other words associated with a name | of Rohtak. |
No items available.